Estafeta júnior 221 (Registo nº 6029)

Detalhes MARC
000 -Etiqueta do registo
Valores 01058nam a2200265 4500
010 ## - Número ISBN
ISBN 9789899918863
021 ## - Número do Depósito Legal
Número 418905/16
100 ## - Dados gerais de processamento
Dados gerais 20250930d2016 bc y0pory50030103ba
200 1# - Titulo e menção de responsabilidade
Título próprio Estafeta júnior 221
Primeira menção de responsabilidade Gisela Silva, Sandra Fernandes
205 ## - Menção da edição
Edição 2ª ed
210 #9 - Publicação
Local de publicação [S.l.]
Nome do editor Paleta de Letras
Data de publicação 2016
215 ## - Descrição física 
Paginação / Volumes [20] p., [4] p. desdobr.
Outras indicações físicas todo il.
225 2# - Colecção 
Título próprio da colecção Por dentro
330 ## - Sumário ou Resumo
Texto da nota Era uma vez uma menina que vivia numa nuvem.<br/>Não era uma nuvem qualquer, mas um sítio tranquilo e especial que os adultos chamam de ÚTERO.<br/>A menina sentia-se protegida e aconchegada por borboletas-palavras que saíam das histórias que a mãe lhe contava. Alimentava-se, brincava e crescia. Até que um dia bateram à porta...
606 ## - Nome comum usado como assunto
ID Autoridade 14
Palavra de ordem Literatura infantil
606 ## - Nome comum usado como assunto
ID Autoridade 15
Palavra de ordem Literatura Portuguesa
675 ## - CDU
Notação 82-93
Edição BN
Língua por
675 ## - CDU
Notação 821.134.3
Edição BN
Língua por
700 ## - Autor principal (pessoa individual)
Apelido Silva
Nome Gisela
ID Autoridade 5719
701 ## - Co-autor principal (pessoa individual)
ID Autoridade 4071
Apelido Fernandes
Nome Sandra
801 #0 - Fonte de origem
País PT
Agência BEN2VN
Regras de catalogação RPC
830 ## - Notas gerais do catalogador
Criado por Tânia Croca
Data de criação 30/09/2025
990 ## - Elementos KOHA
Tipo de documento Livro
Exemplares
Situação do levantamento Biblioteca de origem Código de barras Cota Permissão de empréstimo Tipo de documento Forma de aquisição
  Biblioteca Escola Nº2 Vendas Novas 100000031273 LI POR/SIL   Livro  

Powered by Koha